00511nam a22001691i 450000100060000010000410000610100080004720000420005521000240009721500230012122500190014430001070016360600150027067500120028570000320029780100120032911418 a20170304u u u0frey50 ba1 apor1 fOg MandinoaA melhor maneira de viver cSábadodcop. 2006 a118, [2] p.d22 cm2 aO melhor de si aOg Mandino é pseudonimo de Augustine Mandino (1923-1996). - Oferta de Maria da Conceição Galveia 1aPsicologia a159.947 1aMandinobOg4070f1923-1996 aPTgRPC